| 000 | 00406nam a22001217a 4500 | ||
|---|---|---|---|
| 082 | _a200 THE | ||
| 100 |
_aAhmed Umar Kausar _915897 |
||
| 245 | _aTH-SOF-1152-E-71-Direction of Arrival Estimation-ahmad umer thesis | ||
| 260 |
_aIslamabad _bNUST College of EME _c2015 |
||
| 650 | _a MS-ELECT-71 MSTHESIS | ||
| 700 |
_aSupervison Dr. Hamood Ur Rehman Co Supervisor Dr. Muhammad Naveed _970343 |
||
| 942 | _cCF | ||
| 999 |
_c577333 _d577333 |
||